La guitarra española.

Guardado en:
Formato: Deslizar
Materias:
Etiquetas: Agregar Etiqueta
Sin Etiquetas, Sea el primero en etiquetar este registro!
LEADER 00942ngm a22002415g 4500
001 CEM.cems022356
008 130507b1998##################0###0#####d
005 20241029163447.0
245 0 0 |a La guitarra española. 
300 |a 29'. 
500 |a En soporte VHS, consultar en ventanilla. 
505 0 |a Antecedentes históricos: el laúd, la vihuela. Fabricación y evolución de la guitarra española. Técnicas de ejecución. Compositores. Intérpretes: Andrés Segovia. Guitarra flamenca: diferencias con la guitarra clásica. 
538 |a Soporte: VHS - Norma: Pal N - Color: Si - Grabación DRD 1998 - Hitachi=5230 
082 7 8 |/ INF-2 
653 |a MUSICA 
653 |a INSTRUMENTOS MUSICALES 
653 |a GUITARRA ESPAÑOLA 
653 |a LAUD 
653 |a VIHUELA 
653 |a GUITARRA FLAMENCA 
653 |a NIVEL PRIMARIO 
653 |a NIVEL SECUNDARIO 
859 |a CEMS  |b BIB. CEMS - Depto. Recursos Didacticos  |h 784  |i INF-2  |k DRD  |p 999.12  |t Ej.1